00551nam a22002057a 450000500170000001000130001702000100003003500130004003700160005304000120006908200150008110000170009624500660011325000160017926000390019527000490023430000200028365000150030365000270031820170124110035.0 aA-293571 c00.00 aA-293571 bCen Lib/Ret aDPLbEN a338.6bSHA aSharma, G. D aHow to start your own small scale industry /cby G. D. Sharma a4th rev ed. aDelhibOrient Paperbacks c1986 aMadarsa Road, Kashmiri Gate bDelhie110006 a232p.c21cm(Hb) aProduction aSmall-scale industries